000 00509nam a2200193 a 4500
001 1774863791175
003 YourLibrary
005 20260330151549.0
008 260330s2005##################000#0#eng##
020 _a9781845422677
082 0 4 _a351.4
_bGER
100 1 _aGeradin, Damien,
_eauthor.
245 1 0 _aRegulation Through Agencies in the EU :
260 _bEdward Elgar Publishing,
_c2005.
300 _a302 pages
650 0 _aLaw.
942 _cENGLISH
040 _aYourLibrary
_beng
_cYourLibrary
999 _c618175
_d618175